Statistics for Towns and cities with unusual names (vol. II)

Click here to take the quiz!

General Stats

  • This quiz has been taken 22 times
  • The average score is 7 of 20

Answer Stats

City/TownCountry% Correct
SzczecinPoland
83%
BatmanTurkey
72%
Cần ThơVietnam
72%
TrollhättanSweden
61%
Humpty DooAustralia
56%
FlúðirIceland
56%
DudelangeLuxembourg
50%
SlutskBelarus
44%
MymensinghBangladesh
28%
ZarqaJordan
28%
Fquih Ben SalahMorocco
28%
LeiifiifiSamoa
28%
eKuPhakameniSouth Africa
28%
QazakhAzerbaijan
22%
Snug CornerBahamas
17%
Double Head CabbageBelize
17%
RaidingAustria
11%
Burnt ForestKenya
6%
Chicken StoneSt Kitts and Nevis
6%
NyýazowTurkmenistan
6%

Score Distribution

Percentile by Number Answered

Percent of People with Each Score

Your Score History

You have not taken this quiz